[Event "7MCR_4D_1L_4S"]
[Site "?"]
[Date "2006.??.??"]
[Round "?"]
[White "Stika, Vaclav"]
[Black "Kuchta, Jiri"]
[Result "1-0"]
[WhiteElo "2142"]
[BlackElo "2252"]
[PlyCount "71"]
[EventDate "2006.??.??"]
[EventType "corr"]

1. e4 c6 2. d4 d5 3. Nc3 dxe4 4. Nxe4 Nd7 5. Bc4 Ngf6 6. Ng5 e6 7. Qe2 Nb6 8.
Bd3 Qxd4 9. N1f3 Qd5 10. Ne5 Qxg2 11. Rf1 Rg8 12. Ngxf7 Nbd5 13. Bd2 Nb4 14.
Bxb4 Bxb4+ 15. c3 Be7 16. O-O-O g6 17. Kb1 Rg7 18. Rg1 Qh3 19. Ng5 Qh6 20. f4
Nd5 21. Ng4 Qh4 22. Qe5 Kf8 23. c4 h6 24. cxd5 hxg5 25. dxc6 gxf4 26. Qxf4+ Kg8
27. Qf3 bxc6 28. Qxc6 Rb8 29. Qe8+ Kh7 30. Rdf1 Ba6 31. Bxg6+ Rxg6 32. Rf7+ Rg7
33. Rxg7+ Kxg7 34. Ne5+ Kf6 35. Qxb8 Kf5 36. Ng4 1-0

[Event "7MCR_4D_1L_4S"]
[Site "?"]
[Date "2006.??.??"]
[Round "?"]
[White "Stika, Vaclav"]
[Black "Nosek, Jaroslav"]
[Result "0-1"]
[WhiteElo "2142"]
[BlackElo "2252"]
[PlyCount "54"]
[EventDate "2006.??.??"]
[EventType "corr"]

1. e4 e6 2. d4 d5 3. Nc3 Nf6 4. Bg5 Bb4 5. e5 h6 6. Bd2 Bxc3 7. bxc3 Ne4 8. Qg4
Kf8 9. Nf3 c5 10. Bd3 Nxd2 11. Kxd2 c4 12. Be2 Nc6 13. a4 Bd7 14. Rhb1 Rb8 15.
Ke1 a6 16. Qf4 Qe7 17. Rb6 Be8 18. Kf1 Kg8 19. Kg1 Kh7 20. Qg4 Rf8 21. Kh1 Kg8
22. Qh3 Qc7 23. Rbb1 Ne7 24. g4 Ng6 25. Qg3 f6 26. exf6 Qxg3 27. fxg7 Qxf3+ 0-1

[Event "7MCR_4D_1L_4S"]
[Site "?"]
[Date "2006.??.??"]
[Round "?"]
[White "Stika, Vaclav"]
[Black "Steinhauser, Antonin"]
[Result "1/2-1/2"]
[WhiteElo "2142"]
[BlackElo "2000"]
[PlyCount "78"]
[EventDate "2006.??.??"]
[EventType "corr"]

1. e4 e5 2. Nf3 Nf6 3. Nxe5 d6 4. Nf3 Nxe4 5. d4 d5 6. Bd3 Nc6 7. O-O Bg4 8. c4
Nf6 9. cxd5 Bxf3 10. Qxf3 Qxd5 11. Qxd5 Nxd5 12. Nc3 O-O-O 13. Bc4 Nf6 14. Ne2
Nxd4 15. Nxd4 Rxd4 16. Bxf7 Bd6 17. Be3 Re4 18. h3 Be5 19. Rab1 Bd4 20. Bxd4
Rxd4 21. Rbe1 Rd2 22. b4 Rhd8 23. Re7 R8d7 24. Be6 Kd8 25. Rxd7+ Nxd7 26. a3 c5
27. Rc1 cxb4 28. axb4 Rd4 29. b5 a5 30. bxa6 bxa6 31. Ra1 Nc5 32. Bg4 Ra4 33.
Rc1 Ra5 34. g3 Kc7 35. Kg2 Kc6 36. Re1 Kd6 37. Rd1+ Kc6 38. Bf3+ Kc7 39. Rd5 h6
1/2-1/2

[Event "7MCR_4D_1L_4S"]
[Site "?"]
[Date "2006.??.??"]
[Round "?"]
[White "Stika, Vaclav"]
[Black "Sykora, Josef"]
[Result "0-1"]
[WhiteElo "2142"]
[BlackElo "2389"]
[PlyCount "114"]
[EventDate "2006.??.??"]
[EventType "corr"]

1. e4 c6 2. d4 d5 3. Nc3 dxe4 4. Nxe4 Nd7 5. Nf3 Ngf6 6. Nxf6+ Nxf6 7. Qd3 Bg4
8. Ne5 Bh5 9. c3 e6 10. Qh3 Rg8 11. Bd3 Bg6 12. Bxg6 hxg6 13. Bg5 Bd6 14. Qh4
Be7 15. O-O Rf8 16. Rfe1 Nd5 17. Bxe7 Qxe7 18. Qg3 O-O-O 19. c4 Nf6 20. Rad1
Qc7 21. Qe3 Kb8 22. b4 Nd7 23. Nf3 Rh8 24. a4 Nb6 25. Rc1 Nc8 26. b5 Nd6 27.
bxc6 Qxc6 28. Qe5 Qc7 29. d5 exd5 30. cxd5 Qa5 31. Red1 Rh5 32. Qe7 Rhh8 33.
Qe3 Rhe8 34. Qd4 Rc8 35. Rxc8+ Rxc8 36. Qf4 Qd8 37. Ne5 g5 38. Qb4 Ka8 39. a5
a6 40. h3 f6 41. Ng4 Rc4 42. Qa3 Qc7 43. Ne3 Rc5 44. Ra1 f5 45. Qd3 Rxa5 46.
Rd1 g6 47. Qd4 f4 48. Ng4 Qc2 49. Re1 Qc5 50. Qf6 Qxd5 51. Ne5 Ka7 52. Qxg6 Nc4
53. Nxc4 Qxc4 54. Qf6 Rd5 55. Qe6 Qc6 56. Qg4 Qd7 57. Rb1 Qxg4 0-1

[Event "7MCR_4D_1L_4S"]
[Site "?"]
[Date "2006.??.??"]
[Round "?"]
[White "Sykora, Josef"]
[Black "Bares, Jiri"]
[Result "1-0"]
[WhiteElo "2389"]
[BlackElo "2211"]
[PlyCount "85"]
[EventDate "2006.??.??"]
[EventType "corr"]

1. c4 Nf6 2. Nf3 e6 3. d4 d5 4. Nc3 Be7 5. cxd5 exd5 6. Bg5 c6 7. Qc2 h6 8. Bh4
Nbd7 9. e3 O-O 10. Bd3 Re8 11. Bg3 Nh5 12. Be5 Nxe5 13. dxe5 Bg4 14. h3 Bxf3
15. gxf3 Qc7 16. Nxd5 Qxe5 17. Nxe7+ Qxe7 18. O-O-O a5 19. Kb1 a4 20. a3 Nf6
21. Rc1 Red8 22. Rhd1 Qe5 23. f4 Qh5 24. Rg1 Qxh3 25. Qc3 Qe6 26. Bc2 Ne8 27.
e4 Qf6 28. Qg3 Rd4 29. f5 Rad8 30. f4 h5 31. Qh3 Qh6 32. Qh4 c5 33. Rg5 Kf8 34.
Rxh5 Qf6 35. Qe1 Ke7 36. e5 Qb6 37. f6+ Kd7 38. fxg7 Nxg7 39. Rh7 Ne8 40. Rxf7+
Kc8 41. f5 Qc6 42. f6 Nc7 43. e6 1-0

[Event "7MCR_4D_1L_4S"]
[Site "?"]
[Date "2006.??.??"]
[Round "?"]
[White "Sykora, Josef"]
[Black "Chvojka, Jaroslav"]
[Result "1/2-1/2"]
[WhiteElo "2389"]
[BlackElo "2261"]
[PlyCount "84"]
[EventDate "2006.??.??"]
[EventType "corr"]

1. c4 e5 2. Nc3 Nf6 3. Nf3 Nc6 4. g3 d5 5. cxd5 Nxd5 6. Bg2 Nb6 7. O-O Be7 8.
a3 O-O 9. b4 Be6 10. Rb1 a6 11. d3 f5 12. Bb2 Qd7 13. Nd2 Rad8 14. Nb3 Nd5 15.
Qc2 f4 16. Ne4 fxg3 17. hxg3 Bh3 18. Nec5 Qc8 19. Bxd5+ Rxd5 20. Qc4 Be6 21.
Nxe6 Qxe6 22. Kg2 b5 23. Qe4 Rf4 24. Qe3 Rg4 25. Rbc1 e4 26. Nc5 Bxc5 27. Rxc5
Ne7 28. dxe4 Rxc5 29. Qxc5 Rxe4 30. e3 Rc4 31. Qh5 Qf7 32. Qxf7+ Kxf7 33. Rc1
Rxc1 34. Bxc1 Nc8 35. g4 Nd6 36. f4 Ke6 37. Kf3 Kd5 38. Bb2 g6 39. Be5 h6 40.
Bg7 h5 41. Be5 hxg4+ 42. Kxg4 c5 1/2-1/2

[Event "7MCR_4D_1L_4S"]
[Site "?"]
[Date "2006.??.??"]
[Round "?"]
[White "Sykora, Josef"]
[Black "Cvak, Rudolf"]
[Result "1-0"]
[WhiteElo "2389"]
[BlackElo "2140"]
[PlyCount "113"]
[EventDate "2006.??.??"]
[EventType "corr"]

1. c4 Nf6 2. Nc3 g6 3. Nf3 Bg7 4. g3 c5 5. Bg2 Nc6 6. O-O O-O 7. d4 cxd4 8.
Nxd4 Nxd4 9. Qxd4 d6 10. Qd3 a6 11. Bf4 Bf5 12. Qd2 Rb8 13. e4 Be6 14. Nd5 Nd7
15. Rac1 b5 16. b3 bxc4 17. Rxc4 Ne5 18. Rc2 Rc8 19. Rfc1 Rxc2 20. Rxc2 Bxd5
21. exd5 Qd7 22. h3 Rc8 23. Be3 Qf5 24. Rxc8+ Qxc8 25. a3 Qc7 26. b4 Qc4 27.
Qc1 h5 28. f4 Qxc1+ 29. Bxc1 Nd7 30. Bf1 Nb6 31. Bxa6 Nxd5 32. Kf2 e6 33. Ke2
Nc3+ 34. Kd3 d5 35. Bd2 Ne4 36. Be1 Kf8 37. a4 Ke7 38. a5 Kd7 39. Ke3 Nd6 40.
b5 e5 41. Bb4 d4+ 42. Ke2 e4 43. b6 Bf8 44. Bc5 d3+ 45. Bxd3 exd3+ 46. Kxd3 Be7
47. a6 Kc8 48. g4 hxg4 49. hxg4 Kb8 50. Kd4 Nb5+ 51. Kd5 Nc3+ 52. Kc6 Bxc5 53.
Kxc5 Ne2 54. f5 gxf5 55. gxf5 Nf4 56. Kd6 f6 57. Kc6 1-0

[Event "7MCR_4D_1L_4S"]
[Site "?"]
[Date "2006.??.??"]
[Round "?"]
[White "Sykora, Josef"]
[Black "Glaser, Karel"]
[Result "1/2-1/2"]
[WhiteElo "2389"]
[BlackElo "2159"]
[PlyCount "81"]
[EventDate "2006.??.??"]
[EventType "corr"]

1. c4 Nf6 2. Nf3 e6 3. d4 d5 4. Nc3 c6 5. e3 Be7 6. Bd3 Nbd7 7. O-O O-O 8. b3
b6 9. Bb2 Bb7 10. Qe2 Qc7 11. Rac1 Rad8 12. Rfd1 dxc4 13. Bxc4 c5 14. a3 Qb8
15. Ne5 Qa8 16. f4 Nxe5 17. fxe5 Nd5 18. Nb5 Bg5 19. Rd3 Ne7 20. dxc5 bxc5 21.
Rxd8 Qxd8 22. Nd6 Bd5 23. Rd1 Bxc4 24. Nxc4 Qb8 25. Rd3 Rd8 26. e4 Rxd3 27.
Qxd3 h6 28. Nd6 Nc6 29. Qf3 Qc7 30. Qf2 Na5 31. h4 Bd8 32. Kh2 a6 33. b4 cxb4
34. axb4 Nc6 35. Bc3 Qa7 36. Qf4 Qe7 37. Kh3 Bc7 38. Qg4 Qd8 39. Qg3 Qd7 40.
Qd3 Nb8 41. Qd4 1/2-1/2

[Event "7MCR_4D_1L_4S"]
[Site "?"]
[Date "2006.??.??"]
[Round "?"]
[White "Sykora, Josef"]
[Black "Kosek, Lubomir"]
[Result "1-0"]
[WhiteElo "2389"]
[BlackElo "2043"]
[PlyCount "81"]
[EventDate "2006.??.??"]
[EventType "corr"]

1. c4 Nf6 2. Nf3 g6 3. g3 Bg7 4. Bg2 O-O 5. O-O d6 6. d4 Nbd7 7. Nc3 e5 8. h3
exd4 9. Nxd4 Re8 10. e4 Nc5 11. Re1 h6 12. Rb1 Bd7 13. Kh2 a5 14. b3 Re5 15. f3
Qc8 16. f4 Re8 17. Ba3 c6 18. e5 Nh7 19. Qd2 dxe5 20. fxe5 b6 21. Rbd1 Ng5 22.
h4 Nge6 23. Nxe6 Bxe6 24. Qf4 Bf5 25. Bxc5 bxc5 26. Rd6 Ra6 27. Na4 Bf8 28.
Red1 Bxd6 29. Rxd6 Ra7 30. Bxc6 Re6 31. Bd5 Re8 32. g4 Be6 33. Nb6 Qb8 34. Qxh6
Rb7 35. Bxb7 Qxb7 36. Qf4 Qe7 37. Kg3 Qb7 38. Nd5 Bxd5 39. cxd5 c4 40. h5 Qb4
41. hxg6 1-0

[Event "7MCR_4D_1L_4S"]
[Site "?"]
[Date "2006.??.??"]
[Round "?"]
[White "Sykora, Josef"]
[Black "Nosek, Jaroslav"]
[Result "0-1"]
[WhiteElo "2389"]
[BlackElo "2252"]
[PlyCount "112"]
[EventDate "2006.??.??"]
[EventType "corr"]

1. c4 c6 2. d4 d5 3. Nf3 Nf6 4. Nc3 e6 5. e3 Nbd7 6. Bd3 dxc4 7. Bxc4 b5 8. Bd3
Bb7 9. O-O b4 10. Ne4 Be7 11. Nxf6+ Nxf6 12. e4 O-O 13. e5 Nd7 14. Be4 Rb8 15.
Qc2 h6 16. Be3 c5 17. Bxb7 Rxb7 18. Rfd1 cxd4 19. Rxd4 Qa5 20. Qe4 Rc7 21. Bd2
Rfc8 22. h3 Nb6 23. Bxb4 Bxb4 24. Rxb4 Rc1+ 25. Rxc1 Rxc1+ 26. Kh2 Qxa2 27. Qb7
Rc4 28. Rxc4 Nxc4 29. b3 Nb6 30. Qb8+ Kh7 31. Qc7 Kg8 32. Qd8+ Kh7 33. Qe7 Qxf2
34. Qxf7 Qe3 35. Qxe6 Qf4+ 36. Kg1 Qe3+ 37. Kh1 Qc1+ 38. Ng1 Qf4 39. Qd6 Qe4
40. Qc7 Nd5 41. Qxa7 Qxe5 42. Qc5 Qe4 43. Qc4 Qf5 44. b4 Ne3 45. Qe2 Nf1 46.
Qe1 Qd3 47. Nf3 Ne3 48. Qc1 Nf5 49. Qb2 Qd1+ 50. Kh2 Ne3 51. Qf2 Nf1+ 52. Kg1
Ne3+ 53. Ne1 Qd4 54. b5 Kg8 55. Kh1 g5 56. Qf7+ Kxf7 0-1

[Event "7MCR_4D_1L_4S"]
[Site "?"]
[Date "2006.??.??"]
[Round "?"]
[White "Sykora, Josef"]
[Black "Schwarz, Jan"]
[Result "1/2-1/2"]
[WhiteElo "2389"]
[BlackElo "2289"]
[PlyCount "141"]
[EventDate "2006.??.??"]
[EventType "corr"]

1. c4 e5 2. Nc3 Nc6 3. Nf3 Nf6 4. g3 d5 5. cxd5 Nxd5 6. Bg2 Nxc3 7. bxc3 e4 8.
Ng1 f5 9. d4 exd3 10. exd3 Be6 11. Nf3 Be7 12. O-O O-O 13. Re1 Bf7 14. d4 Bd5
15. Bf4 Kh8 16. Ng5 Bxg2 17. Ne6 Qd5 18. Nxc7 Qf3 19. d5 Rac8 20. dxc6 Bf6 21.
cxb7 Qxb7 22. Rb1 Qf3 23. c4 Qxd1 24. Rbxd1 Bf3 25. Rc1 Be4 26. c5 g5 27. Bd6
Rf7 28. Ne6 Rb7 29. g4 Kg8 30. gxf5 Bxf5 31. c6 Rb6 32. Nc7 Kf7 33. a4 a5 34.
Rc5 Kg6 35. Rec1 Be4 36. Bg3 h5 37. h3 h4 38. Bh2 Kf7 39. Nd5 Bxd5 40. Rxd5
Rcxc6 41. Rxc6 Rxc6 42. Rxa5 Rc2 43. Bb8 Bd4 44. Ba7 Bxa7 45. Rxa7+ Kf6 46. a5
Ra2 47. Ra8 Kg7 48. a6 Ra1+ 49. Kg2 Ra3 50. f3 Ra2+ 51. Kf1 Kh7 52. Ke1 Ra3 53.
Ke2 Kg7 54. a7 Kh7 55. Kd2 Kg7 56. Kc2 Kh7 57. Kb2 Ra5 58. Kb3 Kg7 59. Kb4 Ra6
60. Kb5 Ra1 61. Kb6 Rb1+ 62. Kc7 Ra1 63. Kd7 Ra6 64. Ke7 Kh7 65. Kf7 Ra3 66.
Ke6 Re3+ 67. Kd7 Rd3+ 68. Kc6 Rc3+ 69. Kd5 Ra3 70. Ke5 Re3+ 71. Kf6 1/2-1/2

[Event "7MCR_4D_1L_4S"]
[Site "?"]
[Date "2006.??.??"]
[Round "?"]
[White "Vokoun, Jan"]
[Black "Binas, Jindrich"]
[Result "1/2-1/2"]
[WhiteElo "2400"]
[BlackElo "2079"]
[PlyCount "54"]
[EventDate "2006.??.??"]
[EventType "corr"]

1. e4 c5 2. Nf3 Nc6 3. d4 cxd4 4. Nxd4 Nf6 5. Nxc6 bxc6 6. Bd3 e5 7. O-O Be7 8.
Qe2 O-O 9. Nd2 Qc7 10. Nc4 d6 11. f4 Bg4 12. Qe1 Be6 13. Kh1 Bxc4 14. Bxc4 d5
15. Bd3 Bd6 16. fxe5 Bxe5 17. exd5 cxd5 18. Qh4 Ne4 19. Bxe4 dxe4 20. Qxe4 Bxh2
21. Bf4 Bxf4 22. Rxf4 Rae8 23. Qc4 Qb6 24. Raf1 Re6 25. Qd4 Qc7 26. Kg1 Re7 27.
c4 Rd8 1/2-1/2

[Event "7MCR_4D_1L_4S"]
[Site "?"]
[Date "2006.??.??"]
[Round "?"]
[White "Vokoun, Jan"]
[Black "Kuchta, Jiri"]
[Result "0-1"]
[WhiteElo "2400"]
[BlackElo "2252"]
[PlyCount "86"]
[EventDate "2006.??.??"]
[EventType "corr"]

1. e4 c6 2. Nc3 d5 3. Nf3 Bg4 4. h3 Bxf3 5. Qxf3 e6 6. d3 Nf6 7. a3 d4 8. Ne2
Qa5+ 9. Kd1 Qb6 10. g4 Bd6 11. g5 Nfd7 12. Qg4 Na6 13. f4 e5 14. f5 O-O-O 15.
Ng3 Nac5 16. b3 Kb8 17. h4 h6 18. Be2 hxg5 19. Qxg5 Qc7 20. Nf1 Nf6 21. Nd2
Rdg8 22. Bf3 Be7 23. Qg3 Ncd7 24. Ke2 g6 25. fxg6 fxg6 26. Qf2 Rf8 27. Qg2 Nh5
28. Bxh5 gxh5 29. Nf3 Nf6 30. Bd2 Rhg8 31. Qh3 Ng4 32. Rhf1 Qd7 33. b4 Qc8 34.
c3 dxc3 35. Bxc3 Qc7 36. Ng5 Rxf1 37. Rxf1 c5 38. b5 c4 39. d4 exd4 40. Bxd4
Rd8 41. Qf3 Qh2+ 42. Bf2 Bd6 43. Nf7 Rf8 0-1

[Event "7MCR_4D_1L_4S"]
[Site "?"]
[Date "2006.??.??"]
[Round "?"]
[White "Vokoun, Jan"]
[Black "Sedlacek, Tomas"]
[Result "1/2-1/2"]
[WhiteElo "2400"]
[BlackElo "2189"]
[PlyCount "30"]
[EventDate "2006.??.??"]
[EventType "corr"]

1. d4 Nf6 2. Nc3 d5 3. Bg5 Nbd7 4. Qd3 h6 5. Bh4 c6 6. O-O-O Qa5 7. a3 Nb6 8.
Nf3 Nc4 9. Nd2 b5 10. Nb3 Qb6 11. Bxf6 exf6 12. e4 Be6 13. f4 dxe4 14. Qxe4 f5
15. Qe1 O-O-O 1/2-1/2

[Event "7MCR_4D_1L_4S"]
[Site "?"]
[Date "2006.??.??"]
[Round "?"]
[White "Vokoun, Jan"]
[Black "Soudny, Jiri"]
[Result "0-1"]
[WhiteElo "2400"]
[BlackElo "2355"]
[PlyCount "48"]
[EventDate "2006.??.??"]
[EventType "corr"]

1. d4 Nf6 2. Nc3 d5 3. Bg5 e6 4. e4 dxe4 5. Nxe4 Be7 6. Bxf6 Bxf6 7. Nf3 O-O 8.
c3 Nd7 9. Bd3 e5 10. d5 g6 11. Bc2 Bg7 12. Qd2 a5 13. a4 f5 14. Ng3 Nc5 15. O-O
b6 16. c4 Ba6 17. b3 c6 18. Rad1 e4 19. Nd4 cxd5 20. Nc6 Qf6 21. cxd5 Bxf1 22.
Kxf1 Rae8 23. d6 Re6 24. Qd5 Kh8 0-1

[Event "7MCR_4D_1L_4S"]
[Site "?"]
[Date "2006.??.??"]
[Round "?"]
[White "Vokoun, Jan"]
[Black "Steinhauser, Antonin"]
[Result "1/2-1/2"]
[WhiteElo "2400"]
[BlackElo "2000"]
[PlyCount "64"]
[EventDate "2006.??.??"]
[EventType "corr"]

1. Nf3 Nf6 2. c4 c5 3. g3 g6 4. b3 Bg7 5. Bb2 O-O 6. Bg2 Nc6 7. O-O d6 8. d3
Rb8 9. Nc3 a6 10. Nd2 Bd7 11. e3 Qc8 12. Re1 b5 13. Qe2 Bh3 14. Bh1 h6 15. f3
bxc4 16. dxc4 Nb4 17. Nf1 Nd7 18. Nd5 Nxd5 19. Bxg7 Kxg7 20. cxd5 Qb7 21. f4
Qb5 22. Qc2 c4 23. bxc4 Qb2 24. Qd3 Rfc8 25. Nd2 Nc5 26. Qd4+ Kg8 27. Reb1 Qa3
28. Nb3 Rb4 29. Bg2 Bxg2 30. Kxg2 Nd7 31. Qe4 Rbxc4 32. Qxe7 Nb6 1/2-1/2

[Event "7MCR_4D_1L_4S"]
[Site "?"]
[Date "2006.??.??"]
[Round "?"]
[White "Vokoun, Jan"]
[Black "Stika, Vaclav"]
[Result "1/2-1/2"]
[WhiteElo "2400"]
[BlackElo "2142"]
[PlyCount "72"]
[EventDate "2006.??.??"]
[EventType "corr"]

1. Nf3 Nf6 2. b3 c5 3. Bb2 e6 4. g3 b6 5. Bg2 Bb7 6. O-O Be7 7. c4 O-O 8. d4
cxd4 9. Qxd4 d6 10. Nc3 a6 11. Rfd1 Nbd7 12. Qf4 Qc7 13. Rac1 Rfd8 14. g4 Nf8
15. g5 N6d7 16. Qg3 Rac8 17. h4 f6 18. e4 Re8 19. Rd2 Nc5 20. Re1 Rb8 21. Re3
fxg5 22. Nxg5 e5 23. f4 exf4 24. Qxf4 Bf6 25. Qg4 Ncd7 26. Ba3 Be5 27. Qf3 Nf6
28. Nd5 Bxd5 29. exd5 b5 30. Bf1 bxc4 31. Bxc4 Qa5 32. Bc1 Qb6 33. Kf1 h6 34.
Ne6 Nxe6 35. dxe6 Kh8 36. Kg2 Rf8 1/2-1/2

[Event "7MCR_4D_1L_4S"]
[Site "?"]
[Date "2006.??.??"]
[Round "?"]
[White "Vokoun, Jan"]
[Black "Sykora, Josef"]
[Result "1/2-1/2"]
[WhiteElo "2400"]
[BlackElo "2389"]
[PlyCount "58"]
[EventDate "2006.??.??"]
[EventType "corr"]

1. d4 d5 2. Nf3 c6 3. Nc3 Bf5 4. Nh4 Bg4 5. h3 Bh5 6. g4 Bg6 7. Nxg6 hxg6 8.
Qd3 e6 9. Bg2 Qc7 10. e4 Nd7 11. Bd2 dxe4 12. Nxe4 Ngf6 13. O-O-O Nxe4 14. Qxe4
O-O-O 15. c3 Nf6 16. Qf3 Qd7 17. Qe2 Bd6 18. c4 Qc7 19. Qf3 e5 20. g5 Nh5 21.
c5 Be7 22. Be3 Nf4 23. Bxf4 exf4 24. Kb1 Kb8 25. d5 cxd5 26. Rxd5 Rxd5 27. Qxd5
Rd8 28. Qxf7 Bxc5 29. Qe6 Qd6 1/2-1/2